000 00689nam a2200253Ia 4500
003 OSt
005 20220928101603.0
006 a|||||r|||| 00| 0
007 ta
008 220927b |||||||| |||| 00| 0 hin d
024 _a126306
037 _bGift, 07/01/2015,
_cTextual
040 _aSDCL
_cSDCL
_bhin
041 _2hin
_ahin
082 _aG:11, Q1
100 _aashok nites Kumar
_9392099
245 0 _aprkashan
260 _aDelhi
_bDelhi
_c2013
300 _a1;234p
_ccm.
650 _aGift
_9391569
700 _a Kumar Phooldeep
_9392100
942 _hG:11, Q1
_cTEXL
_2CC
999 _c707922
_d707922